[Event "78. C.to Provinciale 14.Open"]
[Site "Ferrara ITA"]
[Date "2018.01.13"]
[Round "2"]
[White "Renier, Renzo"]
[Black "Rosina, Graziano"]
[Result "1-0"]
[WhiteElo "1936"]
[BlackElo "1789"]
[Annotator "Gabriele Ballarin"]
[PlyCount "39"]
[EventDate "2018.01.12"]
[EventType "swiss"]
[EventRounds "5"]
[EventCountry "ITA"]
[TimeControl "5400+30"]

1. e4 e5 2. Nf3 Nf6 3. d4 Nxe4 4. Bd3 d5 5. O-O (5. Nxe5 Bd6 (5... Nd7) 6. O-O O-O 7. c4 Bxe5 8. dxe5 Nc6 9. cxd5 Qxd5 10. Qc2 Nb4 11. Bxe4 Nxc2 12. Bxd5 Bf5 13. g4 Bxg4 14. Be4 Nxa1 15. Bf4 f5 16. Bd5+ Kh8 17. Rc1 c6 18. Bg2 Rfd8 19. Nd2 Rxd2 20. Bxd2 Rd8 21. Bc3 Rd1+ 22. Rxd1 Bxd1 23. Bf1 Kg8 24. Bd3 f4 25. Bf5 Nc2 26. Bc8 c5 27. Bxb7 Nd4) 5... exd4 6. Re1 Be6 $6 (6... Be7) 7. Nxd4 Qf6 $6 8. Bxe4 dxe4 9. Nxe6 (9. Nc3) 9... fxe6 (9... Qxe6) 10. Nc3 Be7 11. Qh5+ Qf7 12. Qb5+ Nd7 13. Qxb7 O-O 14. Be3 Bc5 15. Qxe4 Nf6 16. Qf3 Bb4 17. a3 $1 Bxc3 18. bxc3 Qg6 19. Bc5 Rf7 $4 (19... Rfe8 20. Rxe6) 20. Qxa8+ 1-0

[Event "78. C.to Provinciale 14.Open"]
[Site "Ferrara ITA"]
[Date "2018.01.13"]
[Round "3"]
[White "Dobboletta, Alex"]
[Black "Renier, Renzo"]
[Result "1/2-1/2"]
[WhiteElo "2155"]
[BlackElo "1936"]
[Annotator "Gabriele Ballarin"]
[PlyCount "154"]
[EventDate "2018.01.12"]
[EventType "swiss"]
[EventRounds "5"]
[EventCountry "ITA"]
[TimeControl "5400+30"]

1. c4 Nf6 2. Nc3 g6 3. d4 d5 4. cxd5 Nxd5 5. e4 Nxc3 6. bxc3 Bg7 7. Bc4 c5 8. Ne2 Nc6 9. Be3 O-O 10. O-O cxd4 11. cxd4 Bg4 12. f3 Na5 13. Bd3 Be6 14. d5 Bxa1 15. Qxa1 f6 16. Bh6 (16. Qd4) (16. Rb1) 16... Re8 17. Kh1 a6 {(anche Fritz gioca così)} (17... Bd7 18. e5 Rc8 19. Nf4 Nc4 20. e6 Ba4 $17 {Gligoric-Idigoras, Mar del Plata 1955}) 18. Nf4 Bf7 $6 (18... Bd7 19. e5 Bb5) 19. e5 g5 20. e6 Bxe6 $2 (20... gxf4 21. Qb1 Qxd5 22. Bxh7+ Kh8 23. exf7 Qxf7 24. Bg6) 21. Nxe6 (21. Qb1 $1) 21... Qxd5 22. Qc3 Qxe6 $6 (22... Rac8) 23. Qxa5 Rad8 24. Be4 $2 b5 (24... f5 $1) 25. Qc3 Rc8 $6 {(=)} (25... Rd6) 26. Qd3 Qf7 27. f4 Red8 28. Qf3 f5 (28... gxf4) 29. fxg5 e6 30. g4 f4 31. g6 hxg6 32. Bxf4 Rc4 33. Bg5 Rf8 $1 34. Qxf7+ Rxf7 35. Re1 Rf2 36. a3 Kg7 (36... Kf7) 37. Kg1 Ra2 38. Be7 a5 39. h4 b4 40. axb4 axb4 41. h5 b3 42. hxg6 Rxe4 (42... b2 $1 43. Bd3 Ra1 (43... Rc1 44. Bb4 Ra3) 44. Kf2 Rxe1 45. Kxe1 Rc3 46. Bb1 Rc1+ 47. Kd2 Rxb1 48. Kc2 Rg1 49. Kxb2 Rxg4) 43. Rxe4 b2 44. Rb4 Ra1+ (44... Kxg6 $1) 45. Kf2 b1=Q 46. Rxb1 Rxb1 47. Kf3 Kxg6 48. Kf4 Kf7 (48... Rf1+ 49. Ke5 Re1+ 50. Kf4 e5+ 51. Kf3 Kf7 52. Bg5 Rf1+ 53. Ke4 Ke6) 49. Bd6 Rf1+ 50. Kg5 Rd1 51. Be5 Rd5 52. Kf4 Ra5 53. Bc3 Ra4+ 54. Kg5 Rc4 55. Bb2 Rc5+ 56. Kf4 Kg6 57. Bh8 Rc1 58. g5 Rc5 59. Bf6 Kf7 60. Ke4 Rf5 61. Bd8 Ke8 62. Bf6 Kd7 63. Kd4 Kd6 64. Ke4 Ra5 $2 (64... Kc6 65. Kd4 Rf1 66. Be5 Rg1 67. Bf4 Kd7 68. Ke5 Ke7 69. Bd2 Rg2 70. Bb4+ Kf7 71. Kf4 Kg6 72. Be7 Rf2+ 73. Ke5 Re2+ 74. Kf4 e5+ 75. Kf3 Re1 76. Bb4 Rf1+ 77. Kg2 Ra1 78. Be7 Kf5) 65. g6 $1 Ra4+ 66. Kf3 e5 67. g7 Ra8 68. Ke4 Re8 69. g8=Q Rxg8 70. Bxe5+ Ke6 71. Bf4 Rg4 72. Kf3 Kf5 73. Bg3 Ra4 74. Kg2 Kg4 75. Bh2 Ra2+ 76. Kh1 Ra1+ 77. Bg1 Kh3 1/2-1/2

[Event "78. C.to Provinciale 14.Open"]
[Site "Ferrara ITA"]
[Date "2018.01.14"]
[Round "4"]
[White "Renier, Renzo"]
[Black "Vincenzi, Marco"]
[Result "1/2-1/2"]
[WhiteElo "1936"]
[BlackElo "2052"]
[Annotator "Gabriele Ballarin"]
[PlyCount "89"]
[EventDate "2018.01.12"]
[EventType "swiss"]
[EventRounds "5"]
[EventCountry "ITA"]
[TimeControl "5400+30"]

1. e4 e5 2. Nf3 Nc6 3. Bb5 a6 4. Ba4 Nf6 5. O-O Be7 6. Re1 b5 7. Bb3 O-O 8. c3 d6 9. h3 Na5 10. Bc2 c5 11. d4 Qc7 12. Nbd2 cxd4 13. cxd4 Bd7 14. Nf1 Rac8 15. Bd3 (15. Ne3) (15. Re2) 15... Nc6 16. Be3 exd4 17. Nxd4 Ne5 18. Rc1 (18. Bc2 d5 19. Ng3 dxe4 (19... Nxe4) 20. Nxe4 Nxe4 21. Bxe4 Nc4 22. Qd3 g6 23. Bh6 Rfe8 24. Qf3 Bf8 25. Bxf8) 18... Qb7 19. Rxc8 Rxc8 20. Ng3 Nxd3 21. Qxd3 d5 22. e5 Ne4 23. Ndf5 Bf8 24. Rd1 Be6 25. Nxe4 $6 (25. f3) 25... dxe4 26. Nd6 exd3 27. Nxb7 Bxa2 28. Rxd3 h6 (28... f6) 29. Nd6 Rc6 30. Kh2 (30. b4 $1) 30... b4 31. Rd1 Bb3 32. Rc1 Bc2 33. Nf5 b3 34. Nd4 Rc4 35. Nxc2 (35. Ra1 $5 Bb4 36. Rxa6 Bc3 37. e6 fxe6 38. Nxb3 Be5+ 39. f4 Bxf4+ 40. Bxf4 Rxf4 41. Nc5 Rb4 42. Nxe6 Rxb2 43. Ra7 g5) 35... bxc2 36. Bd2 Re4 37. Rxc2 Re2 38. Kg1 Kh7 39. Kf1 Rxe5 40. Rc8 Bc5 41. Bc3 Rf5 42. f3 Bb6 43. Rc6 Rb5 44. Rc8 $6 (44. Ke2 Ba5 45. Bd4 Rg5 46. Kf2 Rg6) 44... Ba5 45. Bxa5 {(=)} 1/2-1/2

[Event "78. C.to Provinciale 14.Open"]
[Site "Ferrara ITA"]
[Date "2018.01.14"]
[Round "5"]
[White "Castellari, Claudio"]
[Black "Renier, Renzo"]
[Result "1/2-1/2"]
[WhiteElo "1925"]
[BlackElo "1936"]
[Annotator "Gabriele Ballarin"]
[PlyCount "82"]
[EventDate "2018.01.12"]
[EventType "swiss"]
[EventRounds "5"]
[EventCountry "ITA"]
[TimeControl "5400+30"]

1. d4 Nf6 2. c4 g6 3. Nc3 d5 4. Nf3 Bg7 5. e3 O-O 6. Qb3 dxc4 (6... e6 7. Bd2 b6 8. Be2 Bb7 9. O-O Nbd7 10. cxd5 exd5 11. Rac1 c6 (11... c5 12. dxc5 Nxc5) 12. Rfd1 Re8 13. Be1 Bf8 14. Nd2 Re6 15. Bf3 Qe7 16. Ne2 Bh6 17. Nf4 Rd6 18. Nf1 a5) 7. Bxc4 e6 (7... Nfd7 $1 8. Ng5 (8. O-O Nb6 9. Be2 Be6 10. Qc2 Nc6) 8... e6 9. f4 Nb6) (7... Nbd7 8. Ng5 e6 9. Bxe6 fxe6 10. Nxe6 Qe7 11. Nxc7+ Kh8 12. Nxa8 Ng4 13. Bd2 Qh4 14. O-O-O Nxf2 15. Be1 Bh6 16. Nc7 Bxe3+ 17. Kb1) 8. Be2 b6 9. O-O Bb7 10. Bd2 Nbd7 11. Rac1 c5 12. Nb5 Ne4 13. Rfd1 Qe7 14. Be1 Rfc8 15. Qa3 a6 16. Nc3 Bf8 (16... Nd6) 17. Nxe4 Bxe4 18. dxc5 Nxc5 19. Bb4 Qb7 20. Ne1 a5 21. Bxc5 Bxc5 (21... Rxc5 22. Rxc5 bxc5 23. Bc4 Bg7 24. b3 Qb4) 22. Qa4 Rd8 (22... Bb4) 23. Bf3 Bxf3 24. Nxf3 Qc7 25. h3 Rxd1+ 26. Rxd1 Rd8 27. Ng5 Rxd1+ (27... Bd6 28. Qb3 Bh2+ 29. Kh1 Rxd1+ 30. Qxd1 Be5) 28. Qxd1 Qe5 $2 (28... Be7) 29. Qd8+ Kg7 (29... Bf8 30. Nxh7 Kxh7 31. Qxf8 Qf5 32. f3) 30. h4 $2 (30. Qh8+ $1 Kxh8 31. Nxf7+ Kg7 32. Nxe5) 30... Qd6 (30... Qxb2) 31. Qxd6 Bxd6 32. Ne4 Be7 33. g3 f5 34. Nd2 Kf6 35. Nc4 Bc5 36. Kf1 e5 37. Ke2 Ke6 38. f3 Kd5 39. b3 e4 (39... a4) 40. a4 Ke6 41. f4 Kd5 {(=)} 1/2-1/2

[Event "78. Camp. Interprovinciale PD e Rov"]
[Site "Monselice ITA"]
[Date "2018.01.19"]
[Round "1.1"]
[White "Alfier, Cecilia"]
[Black "Gallo, Enrico"]
[Result "0-1"]
[WhiteElo "1641"]
[BlackElo "2100"]
[Annotator "Gabriele Ballarin"]
[PlyCount "71"]
[EventDate "2018.01.19"]
[EventType "swiss"]
[EventRounds "5"]
[EventCountry "ITA"]

1. e4 e6 2. d4 d5 3. exd5 exd5 4. Nf3 Bd6 5. Be2 Ne7 6. O-O Nbc6 7. c4 dxc4 8. Bxc4 O-O 9. Nc3 a6 10. Be3 b5 11. Bd3 Bb7 12. Rc1 Qd7 13. Ne4 Ng6 14. Qd2 Nb4 15. Nxd6 Qxd6 16. Be2 Nxa2 17. Rcd1 Bd5 18. Ne5 Rad8 19. Nd3 Qc6 20. f3 Rfe8 21. Nc5 Ne7 22. b3 Nf5 23. Bf2 Rxe2 24. Qxe2 Nc3 25. Qc2 Nxd1 26. Rxd1 g6 27. Qa2 Ra8 28. Rd2 a5 29. Qa1 a4 30. bxa4 bxa4 31. h3 a3 32. Rd1 a2 33. Rc1 Qb5 34. Rd1 Rb8 35. Kh2 Qb1 36. Be1 0-1

[Event "78. Camp. Interprovinciale PD e Rov"]
[Site "Monselice ITA"]
[Date "2018.01.19"]
[Round "1.2"]
[White "Simonetto, Alessio"]
[Black "Martinello, Edoardo"]
[Result "1-0"]
[WhiteElo "2068"]
[BlackElo "1610"]
[Annotator "Gabriele Ballarin"]
[PlyCount "51"]
[EventDate "2018.01.19"]
[EventType "swiss"]
[EventRounds "5"]
[EventCountry "ITA"]

1. d4 d5 2. Nf3 Nf6 3. Bg5 e6 4. e3 c5 5. c3 Nc6 6. Nbd2 Bd6 7. Bd3 O-O 8. O-O b6 9. Qc2 h6 10. Bh4 Qd7 11. Rfe1 Bb7 12. Rad1 Rac8 13. dxc5 bxc5 14. e4 Qc7 15. Bxf6 gxf6 16. exd5 exd5 17. Qa4 Ne5 18. Bf5 Rce8 19. Qh4 Kg7 20. Nxe5 fxe5 21. Qg4+ Kh8 22. Re3 e4 23. Rh3 Bf4 24. Rh4 Bxd2 25. Rxd2 Qb6 26. Qg5 1-0

[Event "78. Camp. Interprovinciale PD e Rov"]
[Site "Monselice ITA"]
[Date "2018.01.19"]
[Round "1.3"]
[White "Pilotto, Alessandro"]
[Black "Simonetto, Andrea"]
[Result "0-1"]
[WhiteElo "1583"]
[BlackElo "2055"]
[Annotator "Gabriele Ballarin"]
[PlyCount "92"]
[EventDate "2018.01.19"]
[EventType "swiss"]
[EventRounds "5"]
[EventCountry "ITA"]

1. d4 d6 2. Bf4 Nf6 3. e3 Nbd7 4. Nf3 g6 5. h3 Bg7 6. Be2 O-O 7. Nc3 c6 8. a4 Re8 9. O-O a5 10. Re1 Qc7 11. Bc4 h6 12. Bh2 e5 13. dxe5 Nxe5 14. Nxe5 dxe5 15. Qf3 Qe7 16. e4 Nd7 17. Rad1 Nc5 18. Rd2 Be6 19. Bf1 Rad8 20. Red1 Rxd2 21. Rxd2 Rd8 22. Qe3 Rxd2 23. Qxd2 f5 24. exf5 gxf5 25. b3 Nd7 26. Ne2 Qc5 27. Qc3 Kf7 28. Qxc5 Nxc5 29. f3 b5 30. axb5 cxb5 31. Nc3 b4 32. Nb5 Ke7 33. Nc7 Bf7 34. Bg3 e4 35. Bf2 Nxb3 36. cxb3 Bxb3 37. Bc5+ Kd7 38. Na6 exf3 39. gxf3 Bd1 40. Bb5+ Kc8 41. Kf2 b3 42. Bc4 Bc2 43. Bb6 b2 44. Ba2 Kb7 45. Nb4 axb4 46. Bc5 b3 0-1

[Event "78. Camp. Interprovinciale PD e Rov"]
[Site "Monselice ITA"]
[Date "2018.01.19"]
[Round "1.4"]
[White "Privitera, Franco"]
[Black "Lovisetto, Giampaolo"]
[Result "1-0"]
[WhiteElo "2006"]
[BlackElo "1556"]
[Annotator "Gabriele Ballarin"]
[PlyCount "59"]
[EventDate "2018.01.19"]
[EventType "swiss"]
[EventRounds "5"]
[EventCountry "ITA"]

1. d4 d5 2. Nf3 Nf6 3. e3 e6 4. Bd3 g6 5. Nbd2 Bg7 6. O-O O-O 7. Ne5 Nbd7 8. f4 c5 9. c3 a6 10. a4 Qc7 11. Qf3 b6 12. Qh3 Bb7 13. Ndf3 Ne4 14. Bxe4 dxe4 15. Ng5 Nf6 16. Ng4 h5 17. Ne5 Nh7 18. Nxh7 Kxh7 19. g4 Bxe5 20. fxe5 Qe7 21. Rf6 Rg8 22. Bd2 Raf8 23. Kh1 Kg7 24. Qh4 hxg4 25. Rxg6+ Kxg6 26. Qxe7 Bd5 27. Rg1 f5 28. exf6 Kh5 29. Qh7+ Kg5 30. Be1 1-0

[Event "78. Camp. Interprovinciale PD e Rov"]
[Site "Monselice ITA"]
[Date "2018.01.19"]
[Round "1.5"]
[White "Martarello, Andrea"]
[Black "De Napoli, Giuseppe"]
[Result "0-1"]
[WhiteElo "1540"]
[BlackElo "1955"]
[Annotator "Gabriele Ballarin"]
[PlyCount "52"]
[EventDate "2018.01.19"]
[EventType "swiss"]
[EventRounds "5"]
[EventCountry "ITA"]

1. e4 d5 2. exd5 Qxd5 3. c4 Qd6 4. Nc3 Nf6 5. h3 a6 6. Nf3 Bf5 7. d3 Nc6 8. a3 Rd8 9. Be2 Bxd3 10. O-O e6 11. Be3 Bxe2 12. Nxe2 Qxd1 13. Rfxd1 Bd6 14. Nc3 Ke7 15. b4 Ne5 16. Nd2 Nd3 17. f4 Bxf4 18. Bxf4 Nxf4 19. Nde4 Ne2+ 20. Kf2 Nxc3 21. Nxc3 Rxd1 22. Rxd1 Rd8 23. Rxd8 Kxd8 24. Ke3 Kd7 25. a4 Kd6 26. g4 h6 0-1

[Event "78. Camp. Interprovinciale PD e Rov"]
[Site "Monselice ITA"]
[Date "2018.01.19"]
[Round "1.6"]
[White "Giuriato, Sergio"]
[Black "Stanila, Serban"]
[Result "1-0"]
[WhiteElo "1940"]
[BlackElo "1522"]
[Annotator "Gabriele Ballarin"]
[PlyCount "55"]
[EventDate "2018.01.19"]
[EventType "swiss"]
[EventRounds "5"]
[EventCountry "ITA"]

1. d4 e6 2. c4 d5 3. Nc3 Bb4 4. Nf3 c5 5. e3 Nf6 6. a3 Bxc3+ 7. bxc3 Qa5 8. Bd2 Ne4 9. Bd3 Nxd2 10. Qxd2 dxc4 11. Bxc4 O-O 12. O-O Nc6 13. Rfc1 Rd8 14. Qe2 cxd4 15. cxd4 Qh5 16. Qb2 b6 17. Bb5 Ne7 18. Be2 Nd5 19. Ne5 Qg5 20. Bf3 Bb7 21. g3 h5 22. h4 Qf5 23. e4 Qf6 24. exd5 Qf5 25. Qe2 exd5 26. Rc7 f6 27. Qd3 Qe6 28. Qg6 1-0

[Event "78. Camp. Interprovinciale PD e Rov"]
[Site "Monselice ITA"]
[Date "2018.01.19"]
[Round "1.7"]
[White "De Marzi, Davide"]
[Black "Renier, Renzo"]
[Result "0-1"]
[WhiteElo "1521"]
[BlackElo "1936"]
[Annotator "Gabriele Ballarin"]
[PlyCount "44"]
[EventDate "2018.01.19"]
[EventType "swiss"]
[EventRounds "5"]
[EventCountry "ITA"]

{[%evp 0,44,21,18,33,13,46,41,36,26,38,57,55,42,48,33,28,33,37,18,25,15,34,18,39,29,39,39,33,37,73,16,21,1,25,33,28,20,44,5,44,37,48,0,-1,-331,-338]} 1. d4 Nf6 2. Bf4 g6 3. Nf3 Bg7 4. Nbd2 d6 5. e4 Nbd7 6. c3 c5 7. Be2 O-O 8. O-O b6 9. Re1 Bb7 10. d5 Qc7 11. Qc2 Ng4 12. Nc4 b5 13. Ne3 Nxe3 14. Bxe3 a6 15. Rad1 h6 16. Qd2 Kh7 17. Bd3 Rae8 18. h3 Nb6 19. Nh2 Bc8 20. b3 f5 21. f3 c4 22. Bxb6 $4 (22. Bb1 f4 23. Bxf4 cxb3 24. axb3 Bxc3 25. Qc1 h5 26. Re2 b4) 22... Qxb6+ 0-1

[Event "78. Camp. Interprovinciale PD e Rov"]
[Site "Monselice ITA"]
[Date "2018.01.19"]
[Round "1.8"]
[White "Zangheratti, Daniele"]
[Black "Cervatti, Michele"]
[Result "0-1"]
[WhiteElo "1874"]
[BlackElo "1504"]
[Annotator "Gabriele Ballarin"]
[PlyCount "132"]
[EventDate "2018.01.19"]
[EventType "swiss"]
[EventRounds "5"]
[EventCountry "ITA"]

1. e4 e6 2. d3 d5 3. Nd2 Nf6 4. e5 Nfd7 5. f4 c5 6. Ngf3 Nc6 7. Be2 Be7 8. O-O O-O 9. c3 f6 10. d4 cxd4 11. cxd4 Qb6 12. Nb3 fxe5 13. fxe5 Ndxe5 14. Kh1 Nxf3 15. Bxf3 Bd7 16. Be3 Rac8 17. Nc5 Bxc5 18. dxc5 Qxb2 19. Rb1 Qe5 20. Bf2 Rf7 21. Rxb7 Be8 22. Rb3 Qf6 23. Bg3 Qd4 24. Qe2 Qxc5 25. Qxe6 Nd4 26. Qxc8 Qxc8 27. Rb8 Qd7 28. Bxd5 Ne6 29. Re1 Qxd5 30. Rxe8+ Nf8 31. R8e2 h6 32. h3 Qd3 33. Kh2 Rf6 34. Re3 Qd5 35. R1e2 Ra6 36. Re5 Qc4 37. R5e4 Qf7 38. Re7 Qf6 39. Re8 Qg6 40. Rd8 Re6 41. Rf2 Rf6 42. Re2 Re6 43. Rf2 Re8 44. Rd6 Ne6 45. Rd7 Rf8 46. Rb2 Rf7 47. Rb8+ Kh7 48. Rd2 Rf8 49. Rb7 Rd8 50. Rxd8 Nxd8 51. Rxa7 Nc6 52. Rc7 Nd4 53. Be5 Ne6 54. Rc4 Qf5 55. Bg3 Qd5 56. Rc2 Qe4 57. Rf2 g5 58. a3 Nf4 59. Ra2 Qd5 60. Rb2 Qd3 61. a4 Ne2 62. Rb7+ Kg8 63. Rb8+ Kf7 64. Rb7+ Ke8 65. Rb8+ Kd7 66. Be5 Qd1 0-1

[Event "78. Camp. Interprovinciale PD e Rov"]
[Site "Monselice ITA"]
[Date "2018.01.19"]
[Round "1.9"]
[White "Alessi, Giovanni"]
[Black "Sinato, Fabrizio"]
[Result "0-1"]
[WhiteElo "1482"]
[BlackElo "1856"]
[Annotator "Ballarin,Gabriele"]
[PlyCount "100"]
[EventDate "2018.01.19"]
[EventType "swiss"]
[EventRounds "5"]
[EventCountry "ITA"]

1. e4 c5 2. c3 d5 3. Bb5+ Bd7 4. Bd3 e6 5. e5 Ne7 6. Nf3 Nbc6 7. Bc2 d4 8. Be4 Qc7 9. d3 Nxe5 10. cxd4 Nxf3+ 11. Qxf3 cxd4 12. O-O Nc6 13. Bd2 Bd6 14. g3 O-O 15. Qh5 f5 16. Bg2 Ne5 17. Rc1 Qb6 18. Rc2 Nxd3 19. Bg5 Nxb2 20. Nd2 d3 21. Rc3 Bb4 22. Rb3 Be8 23. Qh4 a5 24. Rxb2 Qd6 25. Nc4 Qa6 26. a3 Bc3 27. Bxb7 Bxb2 28. Bxa6 Bxa1 29. Bb7 Rb8 30. Nxa5 Bc3 31. Be7 Rxb7 32. Nxb7 d2 33. Qc4 d1=Q+ 34. Kg2 Qd5+ 35. Qxd5 exd5 36. Nc5 Rf7 37. Bd6 d4 38. a4 Ra7 39. Be5 Bxa4 40. f4 Bc6+ 41. Kh3 Ra5 42. Nd3 Be4 43. Nc1 Rxe5 44. fxe5 d3 45. Nxd3 Bxd3 46. e6 Kf8 47. g4 f4 48. Kg2 Be4+ 49. Kf2 Bd4+ 50. Kf1 f3 0-1

[Event "78. Camp. Interprovinciale PD e Rov"]
[Site "Monselice ITA"]
[Date "2018.01.19"]
[Round "1.10"]
[White "Capitò, Mario"]
[Black "Taddia, Davide"]
[Result "1-0"]
[WhiteElo "1817"]
[BlackElo "1482"]
[Annotator "Gabriele Ballarin"]
[PlyCount "47"]
[EventDate "2018.01.19"]
[EventType "swiss"]
[EventRounds "5"]
[EventCountry "ITA"]

1. c4 f5 2. d4 e6 3. Nf3 Nf6 4. g3 Be7 5. Nc3 Ne4 6. Bg2 O-O 7. Be3 a5 8. Ne5 Nxc3 9. bxc3 d6 10. Nd3 c6 11. Rb1 Bf6 12. a4 e5 13. O-O Qe7 14. dxe5 dxe5 15. Bc5 Qf7 16. Bxf8 Kxf8 17. Nc5 Qxc4 18. Nxb7 e4 19. Nd6 Qa6 20. Qb3 Ke7 21. Qf7+ Kxd6 22. Rfd1+ Kc5 23. Qf8+ Kc4 24. Rb4+ 1-0

[Event "78. Camp. Interprovinciale PD e Rov"]
[Site "Monselice ITA"]
[Date "2018.01.19"]
[Round "1.11"]
[White "Giannati, Manuel"]
[Black "Rosina, Graziano"]
[Result "1/2-1/2"]
[WhiteElo "1476"]
[BlackElo "1789"]
[Annotator "Gabriele Ballarin"]
[PlyCount "102"]
[EventDate "2018.01.19"]
[EventType "swiss"]
[EventRounds "5"]
[EventCountry "ITA"]

1. e4 e5 2. Nf3 Nf6 3. Nxe5 d6 4. Nf3 Nxe4 5. h3 d5 6. d4 Bd6 7. Bd3 O-O 8. O-O c5 9. dxc5 Bxc5 10. Bf4 Qb6 11. Bxe4 dxe4 12. Nfd2 Bf5 13. Nc4 Qe6 14. Ne3 Bxe3 15. Bxe3 Nc6 16. Nc3 Rfd8 17. Qe2 Rd7 18. Rad1 Rad8 19. Rxd7 Rxd7 20. Rd1 Rxd1+ 21. Qxd1 h6 22. Qd5 Qxd5 23. Nxd5 Kf8 24. a3 Ke8 25. b4 b6 26. c4 Kd7 27. c5 bxc5 28. Bxc5 a6 29. Kf1 Nd8 30. Ke2 Ne6 31. Ba7 Kd6 32. Nc3 Nf4+ 33. Kf1 Kc6 34. g4 Bh7 35. h4 f5 36. Be3 Ne6 37. gxf5 Bxf5 38. Kg2 h5 39. a4 Nc7 40. Kg3 g6 41. Kf4 Nd5+ 42. Nxd5 Kxd5 43. b5 axb5 44. axb5 Kd6 45. b6 Kc6 46. Ke5 Kb7 47. Kd6 Bg4 48. Ke5 Bf5 49. Kf4 Kc6 50. f3 exf3 51. Kxf3 Bb1 1/2-1/2

[Event "78. Camp. Interprovinciale PD e Rov"]
[Site "Monselice ITA"]
[Date "2018.01.19"]
[Round "1.12"]
[White "Balestra, Stefano"]
[Black "Gialain, Mirco"]
[Result "1-0"]
[WhiteElo "1734"]
[BlackElo "1461"]
[Annotator "Gabriele Ballarin"]
[PlyCount "81"]
[EventDate "2018.01.19"]
[EventType "swiss"]
[EventRounds "5"]
[EventCountry "ITA"]

1. Nf3 c5 2. d3 Nc6 3. e4 d6 4. Nbd2 Nf6 5. c3 a6 6. Be2 g6 7. O-O Bg7 8. Qc2 e5 9. Re1 O-O 10. Nf1 Re8 11. Bg5 Qd7 12. Ne3 Ne7 13. Nc4 Qc7 14. a4 Rb8 15. a5 Nd7 16. Qa4 Nc6 17. Ne3 b5 18. axb6 Nxb6 19. Nd5 Qb7 20. Nxb6 Qxb6 21. Be3 Qc7 22. Reb1 Be6 23. b4 Ra8 24. bxc5 dxc5 25. Bxc5 Bf8 26. Bb6 Qd6 27. Be3 Bd7 28. Qd1 f5 29. Nd2 f4 30. Nc4 Qf6 31. Bd2 h5 32. Nb6 Rad8 33. Nxd7 Rxd7 34. Rxa6 Rc7 35. Qa4 Rec8 36. Rbb6 Bc5 37. Qc4+ Qf7 38. Qxc5 Qe6 39. Qd5 Qxd5 40. exd5 Ne7 41. d6 1-0

[Event "78. Camp. Interprovinciale PD e Rov"]
[Site "Monselice ITA"]
[Date "2018.01.19"]
[Round "1.13"]
[White "Di Buono, Giovanni"]
[Black "Belloni, Umberto"]
[Result "1/2-1/2"]
[WhiteElo "1457"]
[BlackElo "1715"]
[Annotator "Gabriele Ballarin"]
[PlyCount "64"]
[EventDate "2018.01.19"]
[EventType "swiss"]
[EventRounds "5"]
[EventCountry "ITA"]

1. d4 d5 2. Nf3 c6 3. Bf4 Qb6 4. Qc1 Bf5 5. e3 Nd7 6. Nbd2 e6 7. Nb3 Ngf6 8. Nh4 Bg6 9. Be2 Bh5 10. Qd1 Bg6 11. Nf3 Nh5 12. Bg3 Nxg3 13. hxg3 Be7 14. Nh4 Bxh4 15. Rxh4 Nf6 16. g4 Ne4 17. Bd3 Qc7 18. Qe2 a5 19. Bxe4 Bxe4 20. Kf1 b6 21. f3 Bg6 22. g5 a4 23. Nc1 b5 24. Nd3 Bxd3 25. Qxd3 g6 26. Kf2 Kf8 27. f4 Qe7 28. Rah1 Kg7 29. g4 Raf8 30. Kg3 f6 31. gxf6+ Qxf6 32. g5 Qf5 1/2-1/2

[Event "78. Camp. Interprovinciale PD e Rov"]
[Site "Monselice ITA"]
[Date "2018.01.19"]
[Round "1.14"]
[White "Pomaro, Stefano"]
[Black "Dal Cin, Carlo"]
[Result "1-0"]
[WhiteElo "1713"]
[BlackElo "1440"]
[Annotator "Gabriele Ballarin"]
[PlyCount "103"]
[EventDate "2018.01.19"]
[EventType "swiss"]
[EventRounds "5"]
[EventCountry "ITA"]

1. e4 c5 2. Nf3 Nc6 3. g3 e6 4. Bg2 d5 5. e5 f6 6. exf6 Nxf6 7. O-O Be7 8. Re1 O-O 9. d3 Qd6 10. Bf4 Qd7 11. Bh3 Nd8 12. Ng5 Qc6 13. Qe2 Bd6 14. Bxd6 Qxd6 15. f4 c4 16. dxc4 Qb6+ 17. Kh1 Qxb2 18. Nd2 Qxc2 19. cxd5 exd5 20. Rac1 Qxa2 21. Rxc8 Rxc8 22. Bxc8 a6 23. Ndf3 Qxe2 24. Rxe2 Re8 25. Rxe8+ Nxe8 26. Ne6 Nxe6 27. Bxe6+ Kf8 28. Bxd5 Nd6 29. Ne5 b5 30. Nc6 Nc4 31. Kg1 a5 32. Bxc4 bxc4 33. Nxa5 c3 34. Nb3 Kf7 35. Kf2 Ke6 36. Ke3 Kf5 37. h3 g5 38. Nd4+ Kg6 39. f5+ Kf6 40. Ke4 h5 41. g4 hxg4 42. hxg4 Kf7 43. Ke5 Ke7 44. f6+ Kf7 45. Kf5 Kf8 46. Kxg5 Kf7 47. Kf5 Kf8 48. g5 Kf7 49. g6+ Kf8 50. Ke6 Ke8 51. g7 c2 52. g8=Q# 1-0

[Event "78. Camp. Interprovinciale PD e Rov"]
[Site "Monselice ITA"]
[Date "2018.01.19"]
[Round "1.15"]
[White "Cremonese, Giulio"]
[Black "Pasin, Mattia"]
[Result "0-1"]
[WhiteElo "1389"]
[BlackElo "1690"]
[Annotator "Ballarin,Gabriele"]
[PlyCount "56"]
[EventDate "2018.01.19"]
[EventType "swiss"]
[EventRounds "5"]
[EventCountry "ITA"]

1. d4 d5 2. Bf4 Nf6 3. e3 Bf5 4. Bd3 Bg6 5. Bxg6 hxg6 6. c3 e6 7. Nf3 Nc6 8. Nbd2 Nh5 9. O-O Nxf4 10. exf4 Bd6 11. Ne5 Qh4 12. Ndf3 Qxf4 13. Qc1 Qf5 14. Re1 Qh5 15. Qg5 Bxe5 16. Qxh5 Rxh5 17. Nxe5 Nxe5 18. Rxe5 Rxe5 19. dxe5 c5 20. Rd1 Kd7 21. Kf1 Kc6 22. Ke2 Rh8 23. h3 Rh5 24. f4 g5 25. Kf3 gxf4 26. Kxf4 Rf5+ 27. Kg3 Rxe5 28. Rf1 f6 0-1

[Event "78. Camp. Interprovinciale PD e Rov"]
[Site "Monselice ITA"]
[Date "2018.01.20"]
[Round "2.1"]
[White "Gallo, Enrico"]
[Black "Capitò, Mario"]
[Result "1-0"]
[WhiteElo "2100"]
[BlackElo "1817"]
[Annotator "Ballarin,Gabriele"]
[PlyCount "51"]
[EventDate "2018.01.19"]
[EventType "swiss"]
[EventRounds "5"]
[EventCountry "ITA"]

1. e4 b6 2. d4 e6 3. Bd3 c5 4. d5 Be7 5. c4 e5 6. Ne2 d6 7. O-O Nf6 8. Ng3 g6 9. Nc3 Bd7 10. f4 Na6 11. fxe5 dxe5 12. d6 Bxd6 13. Bg5 Be7 14. Bxf6 Bxf6 15. Qf3 Nb4 16. Rad1 Bg4 17. Qxg4 Nxd3 18. Qf3 Nf4 19. Rxd8+ Bxd8 20. Nd5 O-O 21. Nxf4 exf4 22. Qxf4 Rc8 23. e5 Rc6 24. Ne4 Kg7 25. Nf6 Re6 26. Nd7 1-0

[Event "78. Camp. Interprovinciale PD e Rov"]
[Site "Monselice ITA"]
[Date "2018.01.20"]
[Round "2.2"]
[White "Renier, Renzo"]
[Black "Simonetto, Alessio"]
[Result "0-1"]
[WhiteElo "1936"]
[BlackElo "2068"]
[Annotator "Gabriele Ballarin"]
[PlyCount "46"]
[EventDate "2018.01.19"]
[EventType "swiss"]
[EventRounds "5"]
[EventCountry "ITA"]

{[%evp 0,46,19,38,25,7,30,29,22,27,48,53,56,52,58,-18,-8,-10,-15,-15,-12,-4,-4,-25,-8,-20,-26,-25,-9,-41,-40,-54,0,-27,-8,-9,-2,-286,-302,-337,-357,-423,-423,-436,-415,-457,-480,-456,-394]} 1. e4 e5 2. Nf3 Nc6 3. Bb5 Nf6 4. O-O Nxe4 5. d4 Nd6 6. Bxc6 dxc6 7. Nxe5 (7. dxe5 Nf5 8. Qe2) 7... Be7 8. b3 O-O 9. Bb2 Re8 10. Nd2 f6 11. Nec4 Be6 12. Ne3 Qd7 13. Re1 Rad8 14. Nf3 Nf5 15. Qd2 g5 16. Rad1 Nxe3 17. Rxe3 g4 18. Ng5 $2 fxg5 19. d5 Qxd5 20. Rd3 Qc5 21. Qe2 Qf5 22. Qe1 Rxd3 23. Rxd3 Bf6 0-1